000 01011nam a2200301Ia 4500
003 CO-BoRNBP
005 20250605104415.0
007 ta
008 141031s2011 ag a g 000 0 spa
020 _a9789871217113
040 _aCO-BoRNBP
_bspa
_erda
_cCO-BoRNBP
082 0 4 _bG41l
_a002
100 1 _aGlasman, Gabriel
_959754
245 1 4 _aLos libros no fueron siempre así
_cGabriel Glasman e Ileana Lotersztain ; ilustrado por Javier Basile
250 _aPrimera edición
264 1 _aBuenos Aires
_bEdiciones Iamiqué
_c2011
300 _a36 páginas
_bilustraciones
_c20 cm.
336 _atexto
_btxt
_2rdacontent
337 _asin mediación
_bn
_2rdamedia
338 _avolumen
_bnc
_2rdacarrier
650 0 0 _aLibros
_xHistoria
_2LEMB
_959755
650 0 0 _aLibros ilustrados para niños
_2LEMB
_92001
650 0 0 _aInventos
_xHistoria
_2LEMB
_959756
650 0 4 _aPapel
_xHistoria
_2LEMB
_959757
700 1 _aFrenkel, Beatriz
_959758
700 1 _aBasile, Javier
_eilustrador
_959759
942 _2ddc
_cBKINF
999 _c57180
_d57180